00753cam a22002291 4500001001300000003000400013005001700017008004100034010001700075040004200092043001200134100003800146245001400184260004700198300003300245500006700278504003800345651003800383651002600421710005900447999001700506pa 68000101 DLC20260227111857.0710901s1962 dcuab bs 000 0 eng c apa 68000101  aPan American Union. LibrarycDLCdDLC as-ck---1 aArciniegas, Germán,d1900-1999.00aColombia. a[Washington,bUnión Panamericana,c1962] a91 p.billus., maps.c19 cm. aIssued by the Editorial Division, Dept. of Public Information. a"Bibliografia sumaria": p. 89-91. 0aColombiaxDescription and travel. 0aColombiaxStatistics.2 aPan American Union.bDepartment of Public Information. c51628d51628